000
00231nam a2200085Ia 4500
245
0
_a
BAUERNMALEREI AN OLD FOLKS ART
100
_a
MULLER, M. Kaapstad, 1983
_9
99293
942
_c
BK
008
210825s9999 xx 000 0 und d
999
_c
534730
_d
534729